|
|
|
|
| LEADER |
00000cam a2200000 i 4500 |
| 001 |
1/59482 |
| 008 |
040824s1997 gr | ||| |||| ||gre|| |
| 020 |
|
|
|a 9603252247
|
| 035 |
|
|
|l 10074125
|
| 040 |
|
|
|a GR-MyUa
|b gre
|e AACR2
|
| 041 |
1 |
|
|a gre
|h eng
|
| 082 |
7 |
|
|a 700.904
|2 (22)
|
| 082 |
7 |
|
|a 809
|2 (22)
|
| 100 |
1 |
|
|a Calas, Nicolas.
|
| 245 |
1 |
2 |
|a Η τέχνη την εποχή της διακύβευσης και άλλα δοκίμια /
|c Νικόλας Κάλας ; πρόλογος: Κύριλλος Σαρρής ; εισαγωγή: Gregory Battcock ; μετάφραση: Ανδρέας Παππάς.
|
| 260 |
|
|
|a Αθήνα :
|b Άγρα,
|c c1997.
|
| 300 |
|
|
|a 279 σ. :
|b εικ. ;
|c 21 εκ.
|
| 500 |
|
|
|a Τίτλος πρωτοτύπου: Art in the age of risk.
|
| 504 |
|
|
|a Περιλαμβάνει βιβλιογραφίες.
|
| 650 |
|
0 |
|a Arts, Modern
|y 20th century.
|
| 650 |
|
0 |
|a Literature
|x 20th century
|x History and criticism.
|
| 700 |
1 |
|
|a Battcock, Gregory,
|d 1937-1980,
|e aui
|
| 852 |
|
|
|a INST
|b LESVOS
|e 20040824
|h 809 ΚΑΛ
|p 005100028114
|q 005100028114
|t BK
|y 0
|
| 852 |
|
|
|a INST
|b LESVOS
|e 20110729
|h 809 ΚΑΛ
|p 005100050019
|q 005100050019
|t BK
|y 0
|
| 852 |
|
|
|a INST
|b SYROS
|c EUDOXUS
|e 20130528
|h 700.904 CAL
|p 005500010847
|q 005500010847
|t EDX
|y 0
|
| 901 |
|
|
|a BIBL5-2013-1
|
| 901 |
|
|
|a BIBL1-2004-2
|
| 901 |
|
|
|a BIBL1-2011-2
|
| 920 |
|
|
|a ΕΥΔΟΞΟΣ
|b ΠΑΡΑΓΓΕΛΙΑ
|y Σύρος-ΤΜΣΠΣ
|z 2013-05
|
| 970 |
|
|
|a Σπυρέλλη
|b Ευαγγελία
|z 24/08/2004
|